[Event "POL-chT4 Kujawsko-Pomorskie 1617"]
[Site "Poland"]
[Date "2016.11.27"]
[Round "3.7"]
[White "Sniadecki, Jerzy"]
[Black "Rafalski, Kacper"]
[Result "0-1"]
[WhiteElo "1723"]
[BlackElo "1558"]
[PlyCount "62"]
[EventDate "2016.11.06"]
[EventType "team-tourn"]
[EventRounds "11"]
[EventCountry "POL"]
[SourceTitle "EXT 2019"]
[Source "ChessBase"]
[SourceDate "2018.10.10"]
[SourceVersion "1"]
[SourceVersionDate "2018.10.10"]
[SourceQuality "1"]

1. e4 c6 2. d4 d5 3. Nc3 dxe4 4. Nxe4 Bf5 5. Ng3 Bg6 6. Nf3 Nf6 7. h4 h6 8. Bd3 Bxd3 9. Qxd3 e6 10. Bf4 Bd6 11. Bxd6 Qxd6 12. 0-0-0 Qf4+ 13. Kb1 0-0 14. Ne2 Qc7 15. Ne5 Nbd7 16. f4 c5 17. Nxd7 Nxd7 18. g4 cxd4 19. Qxd4 Rac8 20. c3 Nb6 21. Qe4 Qc6 22. Qxc6 Rxc6 23. Rd4 e5 24. fxe5 Re8 25. Rf1 Rce6 26. Rdf4 Rxe5 27. Nc1 f6 28. Kc2 Nd5 29. Kd3 Nxf4+ 30. Rxf4 Re1 31. Kd2 R1e4 0-1

[Event "POL-chT4 Kujawsko-Pomorskie 1516"]
[Site "Poland"]
[Date "2016.03.20"]
[Round "10"]
[White "Rafalski, Kacper"]
[Black "Radziejewski, Tomasz"]
[Result "0-1"]
[WhiteElo "1517"]
[BlackElo "1786"]
[PlyCount "68"]
[EventDate "2015.11.08"]
[EventType "team-tourn"]
[EventRounds "11"]
[EventCountry "POL"]
[SourceTitle "EXT 2019"]
[Source "ChessBase"]
[SourceDate "2018.10.10"]
[SourceVersion "1"]
[SourceVersionDate "2018.10.10"]
[SourceQuality "1"]

1. e4 e5 2. Nf3 Nc6 3. Nc3 Bc5 4. Bc4 d6 5. d3 h6 6. Be3 Bb6 7. 0-0 Nge7 8. Bxb6 axb6 9. d4 0-0 10. d5 Nb8 11. Nd2 Ng6 12. f3 Qg5 13. Rf2 h5 14. Bf1 h4 15. Qe1 Nf4 16. Kh1 Nh5 17. Nc4 f5 18. exf5 Bxf5 19. Ne4 Bxe4 20. fxe4 Nd7 21. Qe3 Rf4 22. Rxf4 exf4 23. Qh3 Nhf6 24. Qe6+ Kf8 25. Nxd6 cxd6 26. Qxd6+ Kf7 27. Qe6+ Kg6 28. Bd3 Qe5 29. Rf1 Rxa2 30. Qf5+ Qxf5 31. exf5+ Kg5 32. b4 Ne5 33. d6 Nxd3 34. cxd3 Rd2 0-1

[Event "POL-chT4 Kujawsko-Pomorskie 1516"]
[Site "Poland"]
[Date "2015.11.08"]
[Round "1"]
[White "Lesniak, Kacper"]
[Black "Rafalski, Kacper"]
[Result "0-1"]
[WhiteElo "1282"]
[BlackElo "1517"]
[PlyCount "130"]
[EventDate "2015.11.08"]
[EventType "team-tourn"]
[EventRounds "11"]
[EventCountry "POL"]
[SourceTitle "EXT 2019"]
[Source "ChessBase"]
[SourceDate "2018.10.10"]
[SourceVersion "1"]
[SourceVersionDate "2018.10.10"]
[SourceQuality "1"]

1. e4 Nf6 2. e5 Nd5 3. d4 d6 4. exd6 exd6 5. c4 Nf6 6. Nf3 d5 7. Nc3 Be7 8. Be2 0-0 9. 0-0 Re8 10. Re1 c6 11. Bf4 dxc4 12. Bxc4 Bd6 13. Rxe8+ Nxe8 14. Bxd6 Nxd6 15. Ne5 Nxc4 16. Nxc4 Be6 17. Ne5 Nd7 18. Nxd7 Qxd7 19. Qd3 Rd8 20. Rd1 Qe7 21. a3 Bb3 22. Rf1 Qe6 23. Qe3 Qf6 24. Re1 Be6 25. Rd1 h6 26. h3 Qg6 27. Kh1 Qc2 28. Qd2 Qxd2 29. Rxd2 Bd5 30. Kg1 Kf8 31. b4 Bc4 32. Na4 Ke7 33. Nc5 b6 34. Ne4 Bd5 35. Ng3 Re8 36. Re2+ Be6 37. b5 Kd7 38. bxc6+ Kxc6 39. Re5 Rd8 40. Nf5 Bxf5 41. Rxf5 f6 42. Rf4 Kb5 43. Re4 Rd7 44. Kf1 Ka4 45. Re3 Rxd4 46. Ke2 Rd7 47. Rc3 a5 48. Re3 Rb7 49. Rc3 b5 50. Kd2 b4 51. axb4 axb4 52. Rc1 Kb3 53. Rb1+ Ka2 54. Re1 b3 55. Re4 b2 56. Kc2 Rc7+ 57. Kd2 b1Q 58. Re2 Rc2+ 59. Kd3 Qd1+ 60. Ke3 Rxe2+ 61. Kf3 Qd3+ 62. Kg4 Re4+ 63. f4 h5+ 64. Kxh5 Rxf4 65. g4 Qh7# 0-1

[Event "Wloclawek-ch"]
[Site "Wloclawek"]
[Date "2014.??.??"]
[Round "6"]
[White "Augustowski, Janusz"]
[Black "Rafalski, Kacper"]
[Result "1-0"]
[WhiteElo "1732"]
[BlackElo "1335"]
[PlyCount "97"]
[EventDate "2014.09.??"]
[EventType "swiss"]
[EventRounds "9"]
[EventCountry "POL"]
[SourceTitle "EXT 2021"]
[Source "ChessBase"]
[SourceDate "2020.10.23"]
[SourceVersion "1"]
[SourceVersionDate "2020.10.23"]
[SourceQuality "1"]

1. Nf3 Nf6 2. d4 d5 3. c4 c6 4. Nc3 Bf5 5. e3 e6 6. Bd3 Bxd3 7. Qxd3 Bd6 8. e4 dxe4 9. Nxe4 Bb4+ 10. Bd2 Bxd2+ 11. Nexd2 0-0 12. 0-0 c5 13. Nb3 cxd4 14. Qxd4 Qxd4 15. Nfxd4 Rd8 16. f3 Nbd7 17. Rfd1 Nb6 18. Rac1 e5 19. c5 exd4 20. cxb6 axb6 21. a3 g6 22. Rxd4 Rxd4 23. Nxd4 Rd8 24. Rc4 Kf8 25. Kf2 Rd7 26. g3 Nd5 27. Nb5 Ke7 28. h4 Kd8 29. Rd4 Nc7 30. Rxd7+ Kxd7 31. Nxc7 Kxc7 32. Ke3 Kd6 33. Kd4 f6 34. a4 Kc6 35. g4 h6 36. f4 g5 37. fxg5 fxg5 38. hxg5 hxg5 39. Ke5 Kc5 40. Kf5 Kb4 41. Kxg5 Kxa4 42. Kf4 Kb3 43. g5 b5 44. g6 b4 45. g7 Kxb2 46. g8Q b3 47. Ke3 Ka3 48. Kd2 b5 49. Kc1 1-0

[Event "Wloclawek-ch"]
[Site "Wloclawek"]
[Date "2014.??.??"]
[Round "8"]
[White "Cichocki, Konrad"]
[Black "Rafalski, Kacper"]
[Result "1-0"]
[WhiteElo "1881"]
[BlackElo "1335"]
[PlyCount "29"]
[EventDate "2014.09.??"]
[EventType "swiss"]
[EventRounds "9"]
[EventCountry "POL"]
[SourceTitle "EXT 2021"]
[Source "ChessBase"]
[SourceDate "2020.10.23"]
[SourceVersion "1"]
[SourceVersionDate "2020.10.23"]
[SourceQuality "1"]

1. e4 e5 2. Nf3 Nc6 3. Bc4 Bc5 4. c3 Nf6 5. d4 exd4 6. cxd4 Bb4+ 7. Nc3 0-0 8. e5 Re8 9. 0-0 d5 10. Bb3 Nd7 11. Nxd5 Nb6 12. Nxb6 axb6 13. Ng5 Re7 14. Qh5 h6 15. Nxf7 1-0

[Event "Wloclawek CC Classic 09th"]
[Site "Wloclawek"]
[Date "2014.??.??"]
[Round "7"]
[White "Rafalski, Kacper"]
[Black "Kaczynski, Maciej"]
[Result "1/2-1/2"]
[WhiteElo "1321"]
[BlackElo "1662"]
[PlyCount "113"]
[EventDate "2014.03.??"]
[EventType "swiss"]
[EventRounds "7"]
[EventCountry "POL"]
[SourceTitle "EXT 2021"]
[Source "ChessBase"]
[SourceDate "2020.10.23"]
[SourceVersion "1"]
[SourceVersionDate "2020.10.23"]
[SourceQuality "1"]

1. e4 d5 2. exd5 Qxd5 3. Nc3 Qd8 4. Nf3 Nf6 5. Bc4 Nc6 6. 0-0 Bg4 7. Re1 e6 8. Bb5 Bd6 9. d4 0-0 10. Bxc6 bxc6 11. h3 Bh5 12. Ne4 h6 13. c3 Rb8 14. Nxd6 cxd6 15. Qc2 Bxf3 16. gxf3 Rb5 17. Kh2 Rh5 18. Rg1 Nd5 19. Be3 Qh4 20. Rg3 f5 21. Rag1 Rf7 22. f4 Nxf4 23. Bxf4 Qxf4 24. Qe2 Rg5 25. Qxe6 Qxf2+ 26. R1g2 Qf4 27. Qe8+ Rf8 28. Qxc6 Rxg3 29. Rxg3 h5 30. Qf3 Qxf3 31. Rxf3 g5 32. c4 f4 33. c5 g4 34. hxg4 hxg4 35. Rf1 dxc5 36. dxc5 Kg7 37. c6 Kg6 38. c7 Kg5 39. Rc1 Rc8 40. Rc4 Kh4 41. b4 f3 42. b5 Kg5 43. a4 f2 44. Kg2 g3 45. a5 Rf8 46. Rc1 Kh4 47. c8Q f1Q+ 48. Rxf1 Rxc8 49. Rf4+ Kg5 50. Kxg3 Rc3+ 51. Rf3 Rc7 52. b6 axb6 53. axb6 Rb7 54. Rb3 Kf5 55. Kf3 Ke5 56. Ke3 Kd5 57. Kd3 1/2-1/2